| 000 | 00391cam a2200145ua 4500 | ||
|---|---|---|---|
| 041 |
_amal _h |
||
| 082 |
_a894.812308 _bVEL/VI |
||
| 100 | _aVeluppilla sastri, M R . | ||
| 245 |
_aVidhubhooshanan / _cM R Veluppilla sastri. _hTextual Documents |
||
| 260 |
_aQuilon : _bSree Rama Vilasam Press & Book Depot , _c1966. |
||
| 300 | _a119 ; . | ||
| 504 | _a | ||
| 942 | _cBK | ||
| 999 |
_c4147 _d4147 |
||